Chess openings for black - Statistics

General Stats
  • This quiz has been taken 11 times
  • The average score is 8 of 12
Answer Stats
Hint Answer % Correct
Baguette defence French defence
100%
Nordic defence Scandinavian defence
90%
Caro Cant Caro Kann defence
80%
Indian Kings Indian defence
80%
Italian island defence Sicilian defence
80%
Not Deutsch defense Dutch defence
70%
Slavic Slav defence
70%
Alkaline Alekhine defence
60%
Declined gambit Queens gambit declined
60%
idk? Crip backwards Pirc defence
50%
symmetrical Defense Petrov defence
30%
Piano Giuoco piano game
10%
No matching quizzes found
Score Distribution
Percent of People with Each Score
Percentile by Number Answered
Your Score History
You have not taken this quiz